000 00425nam a22001697a 4500
999 _c525986
_d525986
003 NUST
020 _qPaperback
038 _aM. Shaban
082 _a891.4913
_bASL
100 _aAslam Rana
_916935
245 _aAdaba kahani /
_cAslam Rana
260 _aLahore :
_bNeeli Bar Academy,
_c1979.
300 _a120 p. ;
880 _6100-01\r
_aاسلم رانا
880 _6245-02\r
_aادب کہانی /
942 _2ddc
_cBK